Statistiques concernant Pays d'Europe sur une carte topologique

Cliquez ici pour prendre le quiz!

Statistiques générales

  • Ce quiz a été pris 6 241 fois
  • Le résultat moyen est 23 sur 41

Réponses sur la Carte

Les réponses sont colorées sur une échelle allant du rouge au vert en fonction du pourcentage des utilisateurs qui les ont devinées à leur premier essai. Vous pouvez retrouver ces pourcentages ci-dessous.
 

Statistiques - réponses

Réponse% Correct
France
74%
Russie
70%
Allemagne
69%
Italie
68%
Vatican
68%
Andorre
67%
Belgique
66%
Espagne
66%
Danemark
65%
Monaco
65%
Pays-Bas
65%
Portugal
65%
Liechtenstein
64%
Autriche
63%
Suisse
63%
Luxembourg
62%
Saint-Marin
61%
Ukraine
61%
Moldavie
57%
Pologne
57%
Estonie
56%
Roumanie
56%
Grèce
55%
Biélorussie
54%
Croatie
54%
Lettonie
54%
Bulgarie
52%
Lituanie
52%
République tchèque
52%
Slovénie
52%
Bosnie-Herzégovine
51%
Hongrie
49%
Slovaquie
49%
Serbie
48%
Suède
47%
Albanie
44%
Macédoine du Nord
44%
Kosovo
42%
Monténégro
42%
Norvège
41%
Finlande
40%

Distribution des résultats

Percentile par nombre de réponses

% des personnes avec chaque résultat

Votre développement - résultats

Vous n’avez pas pris ce quiz